Score 0/15 Timer 01:30
0 Plays Today
% Correct
Dutch
94.4%
Afrikaans
88.8%
Serbian
88.2%
Sanskrit
85%
Basque
81.3%
Hawaiian
78.8%
Tagalog
78%
Khmer
70.4%
% Correct
Aleut
62.4%
Yoruba
58.5%
Coptic
57.4%
Nahuatl
56.5%
Manx
50.5%
Shona
48.3%
Fula
42.9%

Today's Daily Dose

Remove Ads.
Support Sporcle.
Get the best of Sporcle when you Go Orange. This ad-free experience offers more features, more stats, and more fun while also helping to support Sporcle. Thank you for becoming a member.

You're not logged in!

Compare scores with friends on all Sporcle quizzes.
OR
Log In

Show Comments

Extras

Top Quizzes Today


Score Distribution

Your Account Isn't Verified!

In order to create a playlist on Sporcle, you need to verify the email address you used during registration. Go to your Sporcle Settings to finish the process.

Report this User

Report this user for behavior that violates our Community Guidelines.

Details: